000 00631nam a2200205Ia 4500
005 20250508162316.0
008 008 250505s9999 xx 000 0 eng d
020 _a92-3-101733-0
037 _aTextual
040 _aFEDL
_beng
_cFEDL
041 _aeng
_2eng
084 _a370.6, UNE
_qFEDL
245 0 _aInternational bureau of education in the service of educational development
245 0 _cUnesco
260 _aParis, France
_bUnited Nations Educational, Scientific and Cultural Organization
_c1979
300 _a152p.
650 _aEducation
942 _cTEXL
_h370.6, UNE
999 _c1375742
_d1375742